Normal view
MARC view
Entry Personal Name
001 - CONTROL NUMBER
- control field: 1173
003 - CONTROL NUMBER IDENTIFIER
- control field: dpl
005 - DATE AND TIME OF LATEST TRANSACTION
- control field: 20100724113935.0
008 - FIXED-LENGTH DATA ELEMENTS
- fixed length control field: 100724|||a|||||| | ||| d
040 ## - CATALOGING SOURCE
- Original cataloging agency: dpl
- Transcribing agency: dpl
100 ## - HEADING--PERSONAL NAME
- Personal name: Joshi, P G
670 ## - SOURCE DATA FOUND
- Source citation: Work cat.: (dpl): Joshi, P G, An Examlpe Of All /
670 ## - SOURCE DATA FOUND
- Source citation: Work cat.: (dpl): Joshi, P G, An Examlpe Of All /
